000 01439nam a2200313 i 4500
001 106801
003 ES-MaACL
005 20250622051426.0
008 061227s1989 sp ||||1| spa d
080 _a061.21(464.1)Ateneo
080 _a7.036(460)(083.824)
245 0 0 _aArte de vanguardia del Ateneo de Madrid en Cartagena :
_b[exposición] del 20 de marzo al 15 de abril de 1989.
260 _aCartagena :
_bAyuntamiento de Cartagena, Concejalía de Cultura,
_c1989.
300 _a[60] p. :
_bprincipalmente il. col. ;
_c21 cm.
585 _aExposición organizada por la Sección de Artes Plásticas del Ateneo de Madrid, en la Sala Municipal de Exposiciones Muralla Bizantina (Cartagena)
610 2 4 _aAteneo de Madrid-
_xColecciones de arte.
_91905
610 2 4 _aAteneo de Madrid-
_vExposiciones-
_y1980-1990
_91922
650 4 _aArte español-
_yS.XX-
_vExposiciones.
_910206
655 7 _2tgfbne
_9193628
_aCatálogos de exposiciones
710 2 _aAteneo de Madrid.
_bSección de Artes Plásticas.
_91970
710 1 _aCartagena.
_bAyuntamiento.
_92452
852 4 _aES-MaACL
_j2211-F-44
_9110858
_cDEPOF
852 4 _aES-MaACL
_j2209-F-51
_cDEPOF
_9110857
852 4 _aES-MaACL
_jN-8871
_bR.153528
_cDEPOJ
_hDonación: Editorial
_xRústica con solapas
852 4 _aES-MaACL
_j2209-F-51.
942 _2udc
_cFOLLETOS
999 _c106801
_d106801